Leyes, decretos, directrices y otros instrumentos jurídicos: políticas de ciencia y tecnología 2002-2006 /

Xehetasun bibliografikoak
Erakunde egilea: Ministerio de Ciencia y Tecnología
Formatua: Liburua
Argitaratua: Costa Rica : Ministerio de Ciencia y Tecnología, 2006
Gaiak:

MARC

LEADER 00000nam a2200000Ia 4500
020 |a 9968-732 
090 |a 04.01.01   |b 1253 
110 |a Ministerio de Ciencia y Tecnología 
245 |a Leyes, decretos, directrices y otros instrumentos jurídicos: políticas de ciencia y tecnología 2002-2006 /   |c Ministerio de Ciencia y Tecnología 
260 |a Costa Rica :   |b Ministerio de Ciencia y Tecnología,   |c 2006 
300 |a 156 páginas 
500 |a Vol.I 
650 |a CIENCIA Y TECNOLOGIA  
650 |a LEGISLACION  
650 |a POLITICA CIENTIFICA Y TECNOLOGICA  
999 |c 833  |d 833